Alea, dívka moře. Síla přílivu /
Čtvrtý díl plný dobrodružství, výjimečného přátelství a tajemství ukrytého v hlubinách moře! Určeno starším dětem a mládeži.
Uloženo v:
| Série: | Alea, dívka moře,
část 4 |
|---|---|
| Hlavní autor: | |
| Další autoři: | |
| Médium: | E-kniha |
| Jazyk: | Czech |
| Vydáno: |
V Praze :
Fragment,
2018
|
| Vydání: | 1. vydání |
| Témata: | |
| Příbuzné jednotky: | Z cyklu::
Alea, dívka moře |
| Tagy: |
Žádné tagy |
| LEADER | 02706cam a2200529 i 4500 | ||
|---|---|---|---|
| 001 | 310970 | ||
| 003 | CZ PrSKC | ||
| 005 | 20260601215657.0 | ||
| 007 | ta | ||
| 008 | 181115s2018 xr c 000 f cze | ||
| 015 | |a cnb003056688 | ||
| 020 | |a 9788025339244 |q (vázáno) : |c Kč 299,00 | ||
| 035 | |a (OCoLC)1081365540 | ||
| 040 | |a BOA001 |b cze |d ABA001 |e rda | ||
| 041 | 1 | |a cze |h ger | |
| 072 | 7 | |a 821.112.2-3 |x Německá próza, německy psaná |2 Konspekt | |
| 072 | 7 | |a 821-93 |x Literatura pro děti a mládež (beletrie) |2 Konspekt | |
| 080 | |a 821.112.2-31 |2 MRF | ||
| 080 | |a 821-93 |2 MRF | ||
| 080 | |a (0:82-311.3) |2 MRF | ||
| 100 | 1 | |a Stewner, Tanya, |d 1974- |7 mzk2014804936 |4 aut | |
| 240 | 1 | 0 | |a Macht der Gezeiten. |l Česky |
| 245 | 1 | 0 | |a Alea, dívka moře. |p Síla přílivu / |c Tanya Stewnerová ; z německého originálu Alea Aquarius - Die Macht der Gezeiten ... přeložila Lucie Simonová |
| 246 | 3 | 0 | |a Síla přílivu |
| 250 | |a 1. vydání | ||
| 264 | 1 | |a V Praze : |b Fragment, |c 2018 | |
| 300 | |a 377 stran ; |c 22 cm | ||
| 336 | |a text |b txt |2 rdacontent | ||
| 337 | |a bez média |b n |2 rdamedia | ||
| 338 | |a svazek |b nc |2 rdacarrier | ||
| 500 | |a Dotisk v roce 2019 | ||
| 520 | 2 | |a Čtvrtý díl plný dobrodružství, výjimečného přátelství a tajemství ukrytého v hlubinách moře! Určeno starším dětem a mládeži. |b Posádka Alfa cru prchá před krutým doktorem Orionem. Alea zná jeho děsivé tajemství a ví, že ji nenechá jen tak jít. Cestu jim však komplikuje nejen on, ale i únik ropy do moře. Podaří se jim společně s Rytíři oceánů zabránit ekologické katastrofě? Setká se konečně Alea se svojí matkou a dalšími mořskými dětmi? Nakladatelská anotace. Kráceno. | |
| 521 | 8 | |a Pro čtenáře od 10 let | |
| 655 | 7 | |a německé romány |7 fd132945 |2 czenas | |
| 655 | 7 | |a dobrodružné romány |7 fd132061 |2 czenas | |
| 655 | 7 | |a publikace pro děti |7 fd133156 |2 czenas | |
| 655 | 9 | |a German fiction |2 eczenas | |
| 655 | 9 | |a adventure novels |2 eczenas | |
| 655 | 9 | |a children's literature |2 eczenas | |
| 700 | 1 | |a Simonová, Lucie |7 ola2004235537 |4 trl | |
| 787 | 0 | 8 | |i Z cyklu: |t Alea, dívka moře |g 4 |
| 900 | |a ABA001 |b 21 | ||
| 928 | 9 | |a Albatros Media - Fragment | |
| 044 | |a xr | ||
| 910 | |a RBIT002 | ||
| 998 | |d 179971 |a https://core.palmknihy.cz/api/books/179971/cover?suv3wc |b https://core.palmknihy.cz/api/books/179971/cover/400?suv3wc |c https://core.palmknihy.cz/api/books/179971/cover/50?suv3wc |e 2028-03-14 |g 382 |i 9788025339244 |j https://core.palmknihy.cz/api/books/179971/preview.epub |k https://core.palmknihy.cz/api/books/179971/preview.pdf |l |q 49 |r 1 |s https://www.palmknihy.cz/kniha/179971 |t ebook |y 2018 |z 0 |v Alea, dívka moře |w 4 | ||
| 999 | |d 310968 | ||